<?xml version="1.0" encoding="UTF-8"?>
<marc:record xmlns:marc="http://www.loc.gov/MARC21/slim">
   <marc:leader>00000nam a2200000 a 4500</marc:leader>
   <marc:datafield ind1="0" ind2="0" tag="245">
      <marc:subfield code="a">Unser erstes Bildwörterbuch Spanisch zum Entdecken, Lesen und Hören</marc:subfield>
   </marc:datafield>
   <marc:datafield ind1="0" ind2="0" tag="245">
      <marc:subfield code="c">Übers.: Margarita Sandoval. Red.: Rebecca Syme</marc:subfield>
   </marc:datafield>
   <marc:datafield ind1=" " ind2="1" tag="264">
      <marc:subfield code="a">Berlin</marc:subfield>
      <marc:subfield code="b">Cornelsen</marc:subfield>
      <marc:subfield code="c">2011</marc:subfield>
   </marc:datafield>
   <marc:datafield ind1="1" ind2=" " tag="490">
      <marc:subfield code="a">Lex:tra : Junior</marc:subfield>
   </marc:datafield>
   <marc:datafield ind1=" " ind2=" " tag="250">
      <marc:subfield code="a">1. Aufl., 1. Dr.</marc:subfield>
   </marc:datafield>
   <marc:datafield ind1="1" ind2=" " tag="520">
      <marc:subfield code="a">Angaben aus der Verlagsmeldung

Lextra junior - Spanisch - Unser erstes Bildwörterbuch Lextra junior - Spanisch - Unser erstes Bildwörterbuch / Wörterbuch : TING-fähig / von Thomas Emde, Sigrid Janssen

Mit Ting-Technologie

Spielerisch erste Vokabeln lernen oder gezielt die Aussprache trainieren - mit dem
Bildwörterbuch Spanisch
können junge Lernende beides. 1.200 wichtige Begriffe aus dem Alltagsleben von Kindern sind liebevoll gezeichnet und zusätzlich vertont; sie werden von Muttersprachlern gesprochen.

Mit Hilfe eines Ting-Lesestiftes können sich die Schüler/innen die Wörter beliebig oft anhören und wiederholen - unabhängig von CD-Player oder PC. Versteckte Tonelemente zum Suchen und Abspielen erhöhen den Reiz, sich mit der Fremdsprache zu beschäftigen.

Die meisten Begriffe sind alphabetisch gelistet - dazu gibt es Themenseiten, auf denen es viel zu entdecken gibt.

Innovativ und interaktiv: Spanische Wörter in korrekter Aussprache hören - der TING-Stift (separat erhältlich) macht es möglich.

* Die 1.200 wichtigsten Begriffe aus dem Alltagsleben von Kindern

* Die Sensortechnik im Stift liest versteckte Codes und wandelt diese in Töne um

* Das macht Spaß: versteckte Geräusche von Tieren und Gegenständen akustisch entdecken

* Viele attraktive Illustrationen

</marc:subfield>
   </marc:datafield>
   <marc:datafield ind1=" " ind2=" " tag="020">
      <marc:subfield code="a">9783589016532</marc:subfield>
      <marc:subfield code="9">9783589016532</marc:subfield>
   </marc:datafield>
   <marc:datafield ind1=" " ind2=" " tag="020">
      <marc:subfield code="a">3589016531</marc:subfield>
      <marc:subfield code="9">3589016531</marc:subfield>
   </marc:datafield>
   <marc:datafield ind1=" " ind2=" " tag="041">
      <marc:subfield code="a">ger</marc:subfield>
   </marc:datafield>
   <marc:datafield ind1=" " ind2=" " tag="300">
      <marc:subfield code="a">108 S.</marc:subfield>
   </marc:datafield>
</marc:record>
